Studies in the New Testament: (Record no. 5000)

000 -LEADER
fixed length control field 00765nam a2200181 a 4500
001 - CONTROL NUMBER
control field :::00002741$&:&@@
003 - CONTROL NUMBER IDENTIFIER
control field OkBaRHE
005 - DATE AND TIME OF LATEST TRANSACTION
control field 20000607103256.0
008 - FIXED-LENGTH DATA ELEMENTS--GENERAL INFORMATION
fixed length control field s1915 j 000 0 eng u
040 ## - CATALOGING SOURCE
Transcribing agency
100 1# - MAIN ENTRY--PERSONAL NAME
Personal name Robertson, A. T. (Archibald Thomas), 1863-1934.
245 10 - TITLE STATEMENT
Title Studies in the New Testament:
Remainder of title a handbook for Bible classes in Sunday schools, for teacher training work, for use in secondary schools, high schools and colleges.
260 ## - PUBLICATION, DISTRIBUTION, ETC. (IMPRINT)
Place of publication, distribution, etc Nashville, TN., :
Name of publisher, distributor, etc Sunday School Board Southern Baptist Convention
Date of publication, distribution, etc c1915
300 ## - PHYSICAL DESCRIPTION
Extent 284 p.;
Dimensions 19 cm.
650 ## - SUBJECT ADDED ENTRY--TOPICAL TERM
Topical term or geographic name as entry element Bible New Testament
General subdivision Criticism, Interpretation, etc.
942 ## - ADDED ENTRY ELEMENTS (KOHA)
Source of classification or shelving scheme
Koha item type Books
Copies
Damaged status Copy number Koha item type Lost status Permanent Location Shelving location Price effective from Not for loan Source of classification or shelving scheme Full call number Date acquired Barcode Withdrawn status Date last seen
 1Books RHEMA Bible Training CollegeGeneral Stacks2010-04-14  BS 2395 .R592010-04-142741 2018-03-16